Normal view
MARC view
- PATTERSON,A. DAVID HENNESSY L.JOHN
Entry Personal Name
001 - CONTROL NUMBER
- control field: 89385
003 - CONTROL NUMBER IDENTIFIER
- control field: NUST
005 - DATE AND TIME OF LATEST TRANSACTION
- control field: 20220223095622.0
008 - FIXED-LENGTH DATA ELEMENTS
- fixed length control field: 220223|| aca||aabn | a|a d
040 ## - CATALOGING SOURCE
- Original cataloging agency: NUST
- Transcribing agency: NUST
100 ## - HEADING--PERSONAL NAME
- Personal name: PATTERSON,A. DAVID HENNESSY L.JOHN
670 ## - SOURCE DATA FOUND
- Source citation: Work cat.: (NUST): PATTERSON,A. DAVID HENNESSY L.JOHN., COMPUTER ARCHITECTURE /, 2019.
